000 00463nam a22001817a 4500
003 OSt
008 260429b |||||||| |||| 00| 0 eng d
082 _a633.83
_bS16G
100 _aKumar, Satish
245 _aGenetic Variability in Coriander (Coriandrum Satinum L.)
260 _aPusa, Samastipur
_bRAU
_c1997
300 _a75P.
502 _bMsc.
_d1997
650 _aVegetables & Floriculture
650 _aHorticulture
650 _aMsc.
942 _2ddc
_cT
999 _c50280
_d50280